000
00294nam a2200121Ia 4500
008
191201s2013 xx 000 0 und d
100
_a
PARMAR,RS
245
0
_a
Welding processes Technology
250
_a
Rep
260
_c
2013
_b
Khanna Publisher
_a
NEW DELHI
300
_a
808
942
_2
ddc
_c
BK
_0
2
999
_c
8140
_d
8140